[Event "2BLN 2122 SK Norderstedt - SK Kirchweyh"]
[Site "?"]
[Date "2022.03.06"]
[Round "2.3"]
[White "Jovanovic, Zoran"]
[Black "Kuberczyk, Christoph"]
[Result "1-0"]
[WhiteElo "2529"]
[BlackElo "2308"]
[PlyCount "70"]
[EventDate "2022.??.??"]

1. e4 e6 2. d4 d5 3. Nc3 Nf6 4. Bg5 dxe4 5. Nxe4 Be7 6. Nxf6+ Bxf6 7. Bxf6 Qxf6
8. Nf3 c5 9. Bb5+ Bd7 10. Qe2 a6 11. Bxd7+ Nxd7 12. O-O-O O-O 13. Rhe1 Rfd8 14.
d5 Nf8 15. Qe4 exd5 16. Rxd5 Qe6 17. Qxe6 Nxe6 18. Rde5 Kf8 19. h4 h6 20. h5
Rd7 21. Rf5 Rad8 22. c3 Rd5 23. Ne5 Kg8 24. g4 Ng5 25. a4 Re8 26. Re3 Re6 27.
a5 f6 28. Nc4 Rxf5 29. Rxe6 Nxe6 30. gxf5 Nf4 31. Kd2 Nxh5 32. Ke3 g5 33. fxg6
Ng7 34. Nd6 Kf8 35. Nxb7 Ne6 1-0

[Event "2BLN 2122 SK Norderstedt - SK Kirchweyh"]
[Site "?"]
[Date "2022.03.06"]
[Round "2.4"]
[White "Licznerski, Lukasz"]
[Black "Palac, Mladen"]
[Result "1/2-1/2"]
[WhiteElo "2436"]
[BlackElo "2511"]
[PlyCount "77"]
[EventDate "2022.??.??"]

1. e4 c5 2. Nf3 d6 3. d4 cxd4 4. Nxd4 Nf6 5. Nc3 a6 6. Be2 e5 7. Nf3 Be7 8. Bg5
Be6 9. Bxf6 Bxf6 10. Nd5 Nd7 11. O-O O-O 12. Qd2 Rc8 13. c3 Bxd5 14. Qxd5 Qb6
15. Rab1 Be7 16. Nd2 Nf6 17. Qb3 Qc6 18. Bf3 Bd8 19. Rfe1 Bb6 20. Nf1 Rfd8 21.
Rbd1 g6 22. Ne3 Bxe3 23. Rxe3 Rd7 24. h4 h5 25. g3 Qc5 26. a3 Rc6 27. Qb4 Rb6
28. Qxc5 dxc5 29. Rxd7 Nxd7 30. Rd3 Nf6 31. Rd2 Kf8 32. Kf1 Ke7 33. Ke2 c4 34.
Ke3 Rd6 35. Rxd6 Kxd6 36. Be2 b5 37. a4 Nd7 38. axb5 axb5 39. Bd1 {(=)} 1/2-1/2

[Event "2BLN 2122 SK Norderstedt - SK Kirchweyh"]
[Site "?"]
[Date "2022.03.06"]
[Round "2.5"]
[White "Zelcic, Robert"]
[Black "Kopylov, Michael"]
[Result "1/2-1/2"]
[WhiteElo "2513"]
[BlackElo "2379"]
[PlyCount "78"]
[EventDate "2022.??.??"]

1. e4 Nf6 2. e5 Nd5 3. d4 d6 4. c4 Nb6 5. f4 dxe5 6. fxe5 Nc6 7. Be3 Bf5 8. Nc3
e6 9. Nf3 Be7 10. Be2 O-O 11. O-O f6 12. h3 fxe5 13. Nxe5 Nxe5 14. dxe5 Nd7 15.
Nb5 a6 16. Nd4 Nxe5 17. Qb3 Be4 18. Rxf8+ Qxf8 19. Nxe6 Qf5 20. c5 Kh8 21. Rf1
Qg6 22. Nf4 Qc6 23. Qc3 Bf6 24. Qe1 Re8 25. Qf2 Ng6 26. Bh5 Re7 27. Bxg6 hxg6
28. Bd4 Kh7 29. Re1 Bf5 30. Rxe7 Bxe7 31. Qe3 Be4 32. Qf2 Bg5 33. h4 Be7 34. b4
Qd7 35. Nh3 Qg4 36. Ng5+ Bxg5 37. hxg5 Qd1+ 38. Kh2 Qh5+ 39. Kg1 Qxg5 1/2-1/2

[Event "2BLN 2122 SK Norderstedt - SK Kirchweyh"]
[Site "?"]
[Date "2022.03.06"]
[Round "2.6"]
[White "Polischuk, Viktor"]
[Black "Saric, Sinisa"]
[Result "0-1"]
[WhiteElo "2287"]
[BlackElo "2411"]
[PlyCount "140"]
[EventDate "2022.??.??"]

1. e4 d5 2. exd5 Qxd5 3. Nc3 Qd6 4. Bc4 Nf6 5. d4 Nc6 6. Nge2 Bf5 7. Bf4 e5 8.
dxe5 Nxe5 9. Qxd6 Bxd6 10. Bb3 O-O-O 11. O-O-O Rhe8 12. f3 Be6 13. Bg5 Bxb3 14.
axb3 Be7 15. Rhe1 Rxd1+ 16. Kxd1 Nfg4 17. Bxe7 Ne3+ 18. Kc1 Rxe7 19. Nf4 Nf5
20. Kb1 Ng6 21. Rxe7 Ngxe7 22. Ne4 h6 23. Nd3 Nh4 24. Ne1 f5 25. Nc5 b6 26. Ne6
g5 27. g3 Nhg6 28. Kc1 Kd7 29. Nd4 c5 30. Ne2 Nd5 31. Kd2 h5 32. Nc3 Nxc3 33.
Kxc3 f4 34. gxf4 Nxf4 35. Kd2 Ke6 36. Ke3 Kf5 37. Kf2 Ne6 38. Ke3 Nf4 39. Kf2
Ke5 40. Ke3 Nd5+ 41. Ke2 Nf4+ 42. Ke3 b5 43. Kd2 b4 44. c3 a5 45. Ke3 bxc3 46.
bxc3 c4 47. bxc4 a4 48. Nc2 Ne6 49. Na3 Nc5 50. Nb5 Nb3 51. Na3 Na5 52. Kd3 Kf4
53. Ke2 Nc6 54. c5 Ke5 55. Nc4+ Kf4 56. Na3 Ne5 57. Nb5 Nc6 58. Na3 Na5 59. Nb1
Ke5 60. Kd3 Kd5 61. Na3 Kxc5 62. Ke4 Nc4 63. Nb1 Kd6 64. Kf5 Ne5 65. Kxg5 Nxf3+
66. Kxh5 Nxh2 67. Kg5 Ke5 68. Nd2 Kd5 69. Kf4 a3 70. Ke3 Nf1+ 0-1

[Event "2BLN 2122 SK Norderstedt - SK Kirchweyh"]
[Site "?"]
[Date "2022.03.06"]
[Round "2.7"]
[White "Zaja, Ivan"]
[Black "Michna, Christian"]
[Result "1-0"]
[WhiteElo "2448"]
[BlackElo "2219"]
[PlyCount "65"]
[EventDate "2022.??.??"]

1. d4 c5 2. d5 d6 3. c4 g6 4. Nc3 Bg7 5. e4 e6 6. Nf3 Ne7 7. dxe6 Bxe6 8. Bf4
Nbc6 9. Qxd6 Qb6 10. Qd2 O-O 11. Be2 Rad8 12. Nd5 Bxd5 13. cxd5 Qxb2 14. Qxb2
Bxb2 15. Rb1 Bc3+ 16. Kf1 Na5 17. Bc7 Rd7 18. Bxa5 Bxa5 19. Ne5 Rdd8 20. Rxb7
Rb8 21. Rxb8 Rxb8 22. g3 Bc7 23. Nc4 Nc8 24. e5 Rb1+ 25. Kg2 Rxh1 26. Kxh1 Nb6
27. d6 Bd8 28. Nxb6 Bxb6 29. f4 c4 30. Bxc4 Kf8 31. Kg2 f6 32. e6 Bc5 33. e7+
1-0

[Event "2BLN 2122 SK Norderstedt - SK Kirchweyh"]
[Site "?"]
[Date "2022.03.06"]
[Round "2.8"]
[White "Fernschild, Daniel"]
[Black "Ascic, Pero"]
[Result "1/2-1/2"]
[WhiteElo "1988"]
[BlackElo "2252"]
[PlyCount "38"]
[EventDate "2022.??.??"]

1. d4 Nf6 2. Bf4 e6 3. e3 b6 4. Nf3 Bb7 5. Bd3 d5 6. Nbd2 Nbd7 7. c3 g6 8. h3
Bg7 9. O-O O-O 10. Ne5 Nxe5 11. Bxe5 Ne4 12. Bxg7 Kxg7 13. Qc2 Nxd2 14. Qxd2 c5
15. Rfe1 Qd6 16. Rad1 Rad8 17. Qe2 Qc7 18. Bc2 Rfe8 19. f4 cxd4 {(=)} 1/2-1/2

[Event "2BLN 2122 Hamburger SK II - SV Lingen"]
[Site "?"]
[Date "2022.03.06"]
[Round "2.1"]
[White "Kollen, Zyon"]
[Black "Zwirs, Nico"]
[Result "1/2-1/2"]
[WhiteElo "2363"]
[BlackElo "2467"]
[PlyCount "82"]
[EventDate "2022.??.??"]

1. e4 c5 2. Nf3 d6 3. d4 cxd4 4. Nxd4 Nf6 5. Nc3 a6 6. Be3 e5 7. Nb3 Be6 8. f3
Nbd7 9. Qd2 Be7 10. g4 b5 11. O-O-O b4 12. Nd5 Bxd5 13. exd5 Nb6 14. Na5 Nbxd5
15. Nc6 Qc7 16. Nxb4 Nxb4 17. Qxb4 O-O 18. g5 Rfc8 19. Bd3 e4 20. fxe4 Ng4 21.
Bd4 Ne5 22. Kb1 Bxg5 23. Rhg1 Bh6 24. Bxe5 dxe5 25. c3 Rab8 26. Qa3 a5 27. Ka1
g6 28. Bc2 Rd8 29. Bb3 Bf4 30. h3 Kg7 31. Qa4 Qc5 32. Qc4 Qxc4 33. Bxc4 Kf8 34.
Kb1 Ke7 35. Kc2 h5 36. a4 Be3 37. Rgf1 f6 38. Bb5 Rxd1 39. Rxd1 Rd8 40. Rxd8
Kxd8 41. Be2 Kd7 {(=)} 1/2-1/2

[Event "2BLN 2122 Hamburger SK II - SV Lingen"]
[Site "?"]
[Date "2022.03.06"]
[Round "2.2"]
[White "Kramer, Julian"]
[Black "Milanovic, Danilo"]
[Result "1/2-1/2"]
[WhiteElo "2423"]
[BlackElo "2406"]
[PlyCount "92"]
[EventDate "2022.??.??"]

1. e4 d5 2. exd5 Qxd5 3. Nc3 Qd6 4. d4 Nf6 5. Nf3 c6 6. Ne5 Be6 7. Bf4 Qd8 8.
h4 Nbd7 9. Qd2 g6 10. O-O-O Bg7 11. Be2 Qa5 12. Nc4 Bxc4 13. Bxc4 Nb6 14. Bb3
Nbd5 15. Nxd5 Qxd2+ 16. Bxd2 cxd5 17. f3 e6 18. a4 Kd7 19. a5 b5 20. axb6 axb6
21. c3 Kc6 22. Kc2 h6 23. Bf4 b5 24. Be5 Ne8 25. Ra1 Rxa1 26. Rxa1 Bxe5 27.
dxe5 Nc7 28. Kd3 Rf8 29. Bc2 f6 30. Kd4 f5 31. Bd3 Kb6 32. b3 Na6 33. g3 Nb8
34. Ke3 Nc6 35. f4 Rg8 36. Be2 h5 37. Kd2 Rd8 38. Bf3 Na5 39. Kc2 Rc8 40. b4
Nc6 41. Kb3 Rd8 42. Ra2 Rc8 43. Ra1 Na7 44. Be2 Rd8 45. Ra5 Rd7 46. Bd3 Rd8 {
(=)} 1/2-1/2

[Event "2BLN 2122 Hamburger SK II - SV Lingen"]
[Site "?"]
[Date "2022.03.06"]
[Round "2.3"]
[White "Gutman, Lev"]
[Black "Souleidis, Georgios"]
[Result "1/2-1/2"]
[WhiteElo "2389"]
[BlackElo "2424"]
[PlyCount "103"]
[EventDate "2022.??.??"]

1. Nf3 d5 2. g3 Nd7 3. d4 Nb6 4. Bg2 Bf5 5. Nbd2 c6 6. c3 Nf6 7. O-O e6 8. Re1
Be7 9. a4 a5 10. Nh4 O-O 11. Nxf5 exf5 12. Nf3 Nc4 13. Qb3 Rb8 14. Qc2 g6 15.
b3 Nd6 16. Ne5 Nd7 17. Nd3 Ne4 18. f3 Nef6 19. b4 Nb6 20. Rb1 Nc4 21. Ne5 Nd6
22. Bf4 Nh5 23. Bh6 Re8 24. bxa5 f6 25. Nd3 Qxa5 26. e4 fxe4 27. fxe4 dxe4 28.
Bxe4 Bf8 29. Bxf8 Nxe4 30. Bb4 Qg5 31. Qg2 Nd2 32. Rbd1 Nc4 33. Qf3 Ne3 34. Rd2
Nd5 35. Rde2 Rxe2 36. Rxe2 Ng7 37. Bd6 Ra8 38. Nf4 Rxa4 39. Nxd5 Ra1+ 40. Kg2
Qxd5 41. Qxd5+ cxd5 42. Bb4 h5 43. Re7 Nf5 44. Rxb7 g5 45. h3 g4 46. hxg4 hxg4
47. Be7 Ra2+ 48. Kg1 Nxg3 49. Bxf6 Ne2+ 50. Kf1 Ng3+ 51. Kg1 Ne2+ 52. Kf1
1/2-1/2

[Event "2BLN 2122 Hamburger SK II - SV Lingen"]
[Site "?"]
[Date "2022.03.06"]
[Round "2.4"]
[White "Bracker, Frank"]
[Black "Miletic, Vuk"]
[Result "1/2-1/2"]
[WhiteElo "2364"]
[BlackElo "2196"]
[PlyCount "102"]
[EventDate "2022.??.??"]

1. e4 c5 2. Nf3 Nc6 3. d4 cxd4 4. Nxd4 g6 5. c4 Nf6 6. Nc3 d6 7. Be2 Nxd4 8.
Qxd4 Bg7 9. Bg5 O-O 10. Qd2 Be6 11. Rc1 Qa5 12. f3 Rfc8 13. b3 a6 14. Na4 Qxd2+
15. Kxd2 Nd7 16. h4 f6 17. Be3 f5 18. exf5 gxf5 19. g4 fxg4 20. fxg4 d5 21.
cxd5 Bxd5 22. Rhd1 b5 23. Nb6 Nxb6 24. Bxb6 Bb2 25. Rc5 e6 26. Ke3 Rxc5 27.
Bxc5 Rc8 28. Bd4 Bc1+ 29. Kd3 Bf4 30. Rf1 e5 31. Bb6 b4 32. Bf3 Rc3+ 33. Ke2
Rc2+ 34. Kd1 Rc1+ 35. Ke2 Rc2+ 36. Kd1 Rd2+ 37. Ke1 Bxf3 38. Rxf3 Rxa2 39. Be3
Bxe3 40. Rxe3 Rb2 41. Kd1 Kf7 42. g5 Kg6 43. Rxe5 Kh5 44. Re7 Kxh4 45. Rxh7+
Kxg5 46. Ra7 Ra2 47. Kc1 Kf5 48. Kb1 Ra5 49. Kb2 Ke5 50. Rh7 Rb5 51. Rh6 Rb8 {
(=)} 1/2-1/2

[Event "2BLN 2122 Hamburger SK II - SV Lingen"]
[Site "?"]
[Date "2022.03.06"]
[Round "2.5"]
[White "Gazic, Josip"]
[Black "Roebers, Eline"]
[Result "0-1"]
[WhiteElo "2149"]
[BlackElo "2331"]
[PlyCount "74"]
[EventDate "2022.??.??"]

1. e4 c5 2. Nf3 e6 3. Qe2 Nc6 4. c4 d6 5. d3 g6 6. Bd2 Bg7 7. Bc3 e5 8. h3 Nge7
9. Na3 O-O 10. g4 a6 11. b3 f5 12. Nd2 fxe4 13. dxe4 Nd4 14. Qd1 Nec6 15. Bg2
Qh4 16. O-O h5 17. f3 Bh6 18. Qe1 Qe7 19. Rc1 Ne6 20. Rd1 Nf4 21. Ndb1 Bg5 22.
Nc2 Bh4 23. Qd2 Nd4 24. Nxd4 exd4 25. Bb2 Bg3 26. Qc2 Qh4 27. Rd2 hxg4 28. fxg4
Bxg4 29. e5 Bf5 30. Qd1 Nxh3+ 31. Bxh3 Bxh3 32. Rf3 Rxf3 33. Qxf3 Rf8 34. Qd5+
Kh8 35. Rg2 Bf2+ 36. Kf1 Be3+ 37. Ke2 Rf2+ 0-1

[Event "2BLN 2122 Hamburger SK II - SV Lingen"]
[Site "?"]
[Date "2022.03.06"]
[Round "2.6"]
[White "Papp, Sarah"]
[Black "Kandic, Milan"]
[Result "1-0"]
[WhiteElo "2300"]
[BlackElo "2018"]
[PlyCount "81"]
[EventDate "2022.??.??"]

1. e4 d6 2. d4 Nf6 3. Nc3 e5 4. Nf3 Nbd7 5. Bc4 Be7 6. a4 a5 7. O-O O-O 8. h3
c6 9. Ba2 Qc7 10. Re1 exd4 11. Nxd4 Ne5 12. f4 Ng6 13. Be3 Re8 14. Qf3 Bf8 15.
Bf2 Nd7 16. Rad1 Nc5 17. g4 Bd7 18. Rd2 d5 19. e5 Rad8 20. Rde2 Ne6 21. Nxe6
fxe6 22. h4 Bb4 23. h5 Ne7 24. Rf1 Rf8 25. Nd1 b6 26. c3 Bc5 27. Bb1 Bxf2+ 28.
Nxf2 g6 29. Nh3 Bc8 30. Ng5 h6 31. Nh3 Ba6 32. hxg6 Bxe2 33. Qxe2 Kg7 34. f5
exf5 35. gxf5 Nxf5 36. Bxf5 Rde8 37. e6 Qg3+ 38. Qg2 Qxg2+ 39. Kxg2 Rxf5 40.
Rxf5 Kxg6 41. Rf2 1-0

[Event "2BLN 2122 Hamburger SK II - SV Lingen"]
[Site "?"]
[Date "2022.03.06"]
[Round "2.7"]
[White "Stojanovic, Bojan"]
[Black "Woelk, Tom-Frederic"]
[Result "0-1"]
[WhiteElo "2039"]
[BlackElo "2348"]
[PlyCount "64"]
[EventDate "2022.??.??"]

1. b3 e5 2. Bb2 Nc6 3. e3 Nf6 4. Bb5 e4 5. d3 a6 6. Bxc6 dxc6 7. Nc3 Bf5 8. d4
h5 9. Nge2 h4 10. h3 Nh5 11. Qd2 Qg5 12. Rg1 Bd6 13. f4 exf3 14. gxf3 Qh6 15.
O-O-O Bxh3 16. Ne4 Be7 17. f4 O-O-O 18. Qa5 Qe6 19. Qe5 f6 20. Qxe6+ Bxe6 21.
c4 Rhg8 22. Rdf1 g5 23. f5 Bd7 24. Nd2 Rde8 25. e4 g4 26. Nf4 Ng3 27. Re1 Bb4
28. Rxg3 hxg3 29. a3 Bxd2+ 30. Kxd2 Rh8 31. Ng2 Rh2 32. Re2 Bxf5 0-1

[Event "2BLN 2122 Hamburger SK II - SV Lingen"]
[Site "?"]
[Date "2022.03.06"]
[Round "2.8"]
[White "Hommer, Jeremy"]
[Black "Moeller, Hannah"]
[Result "1-0"]
[WhiteElo "2221"]
[BlackElo "1825"]
[PlyCount "85"]
[EventDate "2022.??.??"]

1. e4 g6 2. d4 Bg7 3. Nc3 d6 4. Be3 Nd7 5. Qd2 b6 6. O-O-O Bb7 7. f3 e6 8. Kb1
a6 9. g4 Qe7 10. h4 h5 11. g5 O-O-O 12. Nge2 Qf8 13. Bh3 Ne7 14. Rhf1 Kb8 15.
a4 Nc6 16. f4 f5 17. gxf6 Bxf6 18. Bxe6 Bxh4 19. f5 gxf5 20. Bxf5 Qe8 21. Nf4
Ne7 22. Bh3 Nf8 23. a5 Bg5 24. axb6 cxb6 25. d5 Neg6 26. Nxg6 Bxe3 27. Qxe3
Nxg6 28. Qxb6 Qe7 29. Be6 Ne5 30. Ne2 Qc7 31. Qb3 Qc4 32. Qxc4 Nxc4 33. Rf3 Bc8
34. Nd4 Ne5 35. Rb3+ Ka7 36. Rh3 Bd7 37. Rg1 Rh7 38. Bxd7 Rdxd7 39. Rgh1 Rdf7
40. Nf5 Nc4 41. Kc1 Kb6 42. b3 Ne5 43. Nxd6 1-0

[Event "2BLN 2122 SF Berlin II - SC Rotation Pa"]
[Site "?"]
[Date "2022.04.03"]
[Round "2.1"]
[White "Szelag, Marcin"]
[Black "Jakubowski, Krzysztof"]
[Result "1/2-1/2"]
[WhiteElo "2419"]
[BlackElo "2475"]
[PlyCount "129"]
[EventDate "2022.??.??"]

1. e4 c6 2. d4 d5 3. Nc3 dxe4 4. Nxe4 Nf6 5. Nxf6+ exf6 6. Be3 Nd7 7. Bd3 Nb6
8. c4 Bb4+ 9. Kf1 O-O 10. Ne2 Re8 11. Qc2 f5 12. Rd1 Bf8 13. g3 g6 14. Kg2 Nd7
15. Rhe1 b6 16. Nf4 Nf6 17. f3 a6 18. Bf2 Bh6 19. Rxe8+ Qxe8 20. Ne2 b5 21. b3
Bd7 22. Nc3 Qf8 23. Bf1 Re8 24. d5 cxd5 25. Nxd5 Nxd5 26. cxd5 Rc8 27. Qd3 Qa3
28. Qe2 Re8 29. Qc2 Rc8 30. Qe2 Re8 31. Qc2 Rc8 32. Qb1 Bg7 33. Rd2 Qc1 34.
Qxc1 Rxc1 35. a3 Rc3 36. Rd3 Rc2 37. f4 a5 38. Kf3 Bf8 39. Bb6 Bxa3 40. Bxa5
Bc5 41. Rd2 Rxd2 42. Bxd2 Kf8 43. b4 Bd6 44. Ke3 Ke7 45. Bc3 f6 46. Kd2 g5 47.
Ke3 Kf7 48. Bd2 gxf4+ 49. gxf4 Kg6 50. Be2 Be8 51. Kd4 Bd7 52. Kc3 Be8 53. Be3
Bd7 54. Bd2 Be8 55. Kd3 Bf7 56. Ke3 Be8 57. Kf3 Bd7 58. Kg3 Kh6 59. Kh4 Be8 60.
Bf1 Bd7 61. Bd3 Be7 62. Be2 Be8 63. Bc3 Bd6 64. Kg3 Kg6 65. Bd3 1/2-1/2

[Event "2BLN 2122 SF Berlin II - SC Rotation Pa"]
[Site "?"]
[Date "2022.04.03"]
[Round "2.2"]
[White "Schmidek, Emil"]
[Black "Dauth, Benjamin"]
[Result "1-0"]
[WhiteElo "2383"]
[BlackElo "2277"]
[PlyCount "109"]
[EventDate "2022.??.??"]

1. d4 d5 2. c4 c6 3. Nc3 Nf6 4. Nf3 e6 5. Bg5 Be7 6. e3 Ne4 7. Nxe4 dxe4 8.
Bxe7 Qxe7 9. Nd2 f5 10. c5 O-O 11. Nc4 Na6 12. Be2 Nc7 13. O-O Nd5 14. f3 exf3
15. Bxf3 b5 16. Bxd5 exd5 17. Ne5 a5 18. Nxc6 Qxe3+ 19. Kh1 Ra6 20. Ne5 Rh6 21.
Qd3 Qg5 22. Qf3 Qh4 23. Qf4 g5 24. Qxh4 Rxh4 25. Rad1 Re4 26. Rfe1 Rf6 27. Kg1
Kf8 28. Rxe4 fxe4 29. Rf1 Rxf1+ 30. Kxf1 Ke8 31. Nc6 a4 32. a3 Kd7 33. Nb4 Ke6
34. Nc2 Kd7 35. Ke2 Kc7 36. Kd2 Kb7 37. Kc3 Bd7 38. Kb4 Ka6 39. Ne3 Bc6 40. g3
Bb7 41. Nf5 Bc8 42. Ne3 Bb7 43. c6 Bxc6 44. Kc5 Bb7 45. Kd6 b4 46. g4 bxa3 47.
bxa3 Kb5 48. Ke5 h6 49. Kf6 Bc8 50. h3 h5 51. gxh5 Bxh3 52. h6 g4 53. h7 g3 54.
h8=Q g2 55. Qb8+ 1-0

[Event "2BLN 2122 SF Berlin II - SC Rotation Pa"]
[Site "?"]
[Date "2022.04.03"]
[Round "2.3"]
[White "Neumeier, Lars"]
[Black "Agopov, Mikael"]
[Result "0-1"]
[WhiteElo "2312"]
[BlackElo "2444"]
[PlyCount "88"]
[EventDate "2022.??.??"]

1. d4 Nf6 2. c4 e6 3. Nf3 d5 4. g3 dxc4 5. Qa4+ Nbd7 6. Qxc4 a6 7. Bg2 c5 8.
dxc5 Bxc5 9. b4 Be7 10. O-O b5 11. Qb3 Bb7 12. Nc3 O-O 13. a3 Nb6 14. Bf4 Nfd5
15. Nxd5 Bxd5 16. Qd3 Nc4 17. e4 Bb7 18. Qe2 a5 19. Rfd1 Qb6 20. Ne5 Nxe5 21.
Bxe5 axb4 22. Bd4 Bc5 23. Bxc5 Qxc5 24. Rac1 Qe7 25. axb4 Qxb4 26. Rb1 Qa4 27.
Qxb5 Bxe4 28. Qxa4 Rxa4 29. Bxe4 Rxe4 30. Rd7 g5 31. Kg2 Kg7 32. Rb5 Kg6 33. f4
gxf4 34. Kf3 f5 35. g4 Ra4 36. Rb6 fxg4+ 37. Kxg4 h5+ 38. Kf3 Kf5 39. Rb5+ e5
40. Re7 Ra3+ 41. Kf2 Re3 42. Rh7 Kg5 43. Rg7+ Kh4 44. Re7 Rf5 0-1

[Event "2BLN 2122 SF Berlin II - SC Rotation Pa"]
[Site "?"]
[Date "2022.04.03"]
[Round "2.4"]
[White "Lauber, Arnd"]
[Black "Seils, Joerg"]
[Result "1-0"]
[WhiteElo "2411"]
[BlackElo "2323"]
[PlyCount "71"]
[EventDate "2022.??.??"]

1. Nf3 Nf6 2. c4 e6 3. g3 d5 4. Bg2 Be7 5. O-O O-O 6. d4 b6 7. cxd5 exd5 8. Nc3
Bb7 9. Ne5 c6 10. e4 Nbd7 11. Nxc6 Bxc6 12. exd5 Bb7 13. d6 Bxg2 14. dxe7 Qxe7
15. Kxg2 Rfd8 16. Re1 Qb4 17. a3 Qc4 18. Be3 Nc5 19. Qf3 Ne6 20. Rad1 Nd5 21.
Ne4 Qb5 22. Bg5 Nxg5 23. Nxg5 Nf6 24. Ne4 Nxe4 25. Qxe4 Qxb2 26. d5 Qb5 27. d6
Qd7 28. Qd5 Rac8 29. Re7 Qc6 30. Qxc6 Rxc6 31. Rc7 Rc5 32. Rxc5 bxc5 33. Kf3
Kf8 34. Ke4 Re8+ 35. Kd5 Re2 36. Kc6 1-0

[Event "2BLN 2122 SF Berlin II - SC Rotation Pa"]
[Site "?"]
[Date "2022.04.03"]
[Round "2.5"]
[White "Mueller, Michael"]
[Black "Florstedt, Johannes"]
[Result "1-0"]
[WhiteElo "2241"]
[BlackElo "2316"]
[PlyCount "99"]
[EventDate "2022.??.??"]

1. d4 Nf6 2. c4 g6 3. Nc3 d5 4. cxd5 Nxd5 5. e4 Nxc3 6. bxc3 Bg7 7. Bc4 c5 8.
Be3 Nc6 9. Ne2 O-O 10. O-O Bg4 11. f3 Na5 12. Bd3 cxd4 13. cxd4 Be6 14. d5 Bxa1
15. Qxa1 f6 16. Qd4 Bd7 17. e5 b5 18. e6 Be8 19. Bh6 Qb6 20. Rb1 Qxd4+ 21. Nxd4
a6 22. d6 exd6 23. Rc1 Ra7 24. Rc8 Re7 25. Be4 f5 26. Bd5 Rf6 27. Kf2 g5 28.
Bxg5 Kg7 29. Ra8 Kg6 30. f4 Nc4 31. Rxa6 Rc7 32. Ra8 Nb6 33. Rxe8 Nxd5 34. Rg8+
Rg7 35. Rd8 Nc3 36. Bxf6 Ne4+ 37. Kf3 Nxf6 38. Nxb5 d5 39. a4 Rb7 40. h3 Rb6
41. Rd6 Rb8 42. g4 h6 43. e7 fxg4+ 44. hxg4 Kf7 45. g5 hxg5 46. fxg5 Ne8 47.
Rd8 Rb6 48. Rxe8 Ra6 49. Ra8 Rxa8 50. Nc7 1-0

[Event "2BLN 2122 SF Berlin II - SC Rotation Pa"]
[Site "?"]
[Date "2022.04.03"]
[Round "2.6"]
[White "Ahlander, Bjorn"]
[Black "Guth, Thomas"]
[Result "1-0"]
[WhiteElo "2366"]
[BlackElo "2257"]
[PlyCount "51"]
[EventDate "2022.??.??"]

1. d4 e6 2. c4 Nf6 3. Nc3 c5 4. d5 exd5 5. cxd5 d6 6. e4 g6 7. f4 Bg7 8. Bb5+
Nfd7 9. a4 O-O 10. Nf3 Na6 11. O-O Nc7 12. Bd3 Nf6 13. f5 a6 14. Kh1 Rb8 15.
Bg5 h6 16. Bxf6 Qxf6 17. fxg6 fxg6 18. e5 dxe5 19. d6 Ne6 20. Nd5 Qd8 21. Ne7+
Kh8 22. Nxg6+ Kg8 23. Ne7+ Kh8 24. Nh4 Rxf1+ 25. Qxf1 Nf4 26. Qxf4 1-0

[Event "2BLN 2122 SF Berlin II - SC Rotation Pa"]
[Site "?"]
[Date "2022.04.03"]
[Round "2.7"]
[White "Bruchmann, Stephan"]
[Black "Chatzidakis, Mihail"]
[Result "1/2-1/2"]
[WhiteElo "2209"]
[BlackElo "2358"]
[PlyCount "28"]
[EventDate "2022.??.??"]

1. e4 e6 2. d4 d5 3. Nc3 Nc6 4. Nf3 Nf6 5. Bd3 Bb4 6. exd5 exd5 7. O-O Bg4 8.
Re1+ Be7 9. Bb5 O-O 10. Bxc6 bxc6 11. Qd3 Nd7 12. Bf4 Bd6 13. Bxd6 cxd6 14. Re3
Nf6 1/2-1/2

[Event "2BLN 2122 SF Berlin II - SC Rotation Pa"]
[Site "?"]
[Date "2022.04.03"]
[Round "2.8"]
[White "Rudolf, Henrik"]
[Black "Freyberg, Dominic"]
[Result "0-1"]
[WhiteElo "2278"]
[BlackElo "2115"]
[PlyCount "72"]
[EventDate "2022.??.??"]

1. e4 d5 2. exd5 Qxd5 3. Nc3 Qa5 4. d4 c6 5. Bc4 Bf5 6. Nge2 Nf6 7. O-O e6 8.
Ng3 Bg4 9. f3 Bh5 10. Qe2 Be7 11. Bd2 Qd8 12. Nxh5 Nxh5 13. f4 Nf6 14. Rad1 O-O
15. Bc1 Nbd7 16. f5 exf5 17. Rxf5 Nb6 18. Bb3 Qd7 19. Qf3 Rad8 20. Ne4 Nbd5 21.
Nxf6+ Nxf6 22. c3 Nd5 23. Rf1 Bd6 24. Qf2 Rde8 25. c4 Nf6 26. Rxf6 gxf6 27. c5
Bc7 28. Qxf6 Bd8 29. Qf4 Kg7 30. d5 cxd5 31. Qd4+ f6 32. Bxd5 Re5 33. Rd1 Rfe8
34. Qc4 Re1+ 35. Rxe1 Rxe1+ 36. Kf2 Rxc1 0-1

[Event "2BLN 2122 Hamburger SK II - SC Rotation"]
[Site "?"]
[Date "2022.04.30"]
[Round "3.1"]
[White "Szelag, Marcin"]
[Black "Kramer, Julian"]
[Result "1/2-1/2"]
[WhiteElo "2419"]
[BlackElo "2420"]
[PlyCount "93"]
[EventDate "2022.??.??"]

1. e4 c5 2. Nf3 d6 3. d4 cxd4 4. Nxd4 Nf6 5. Nc3 Nc6 6. Bg5 e6 7. Qd2 a6 8.
O-O-O Bd7 9. f4 Be7 10. Be2 h6 11. Bh4 b5 12. Bf3 Rc8 13. a3 Nxd4 14. Qxd4 Rc4
15. Qd3 Qc7 16. Rhe1 Bc8 17. Re3 g5 18. fxg5 Nd7 19. Kb1 Ne5 20. Qf1 b4 21.
axb4 Rxb4 22. b3 Rb8 23. Be2 Bxg5 24. Bxg5 hxg5 25. Qf6 Rg8 26. Kb2 Qe7 27. Qf1
Qa7 28. Rg3 Ke7 29. Ra1 a5 30. Qc1 Qc5 31. Qe3 Qxe3 32. Rxe3 Ra8 33. b4 Rb8 34.
b5 Ra8 35. Nb1 Rh8 36. h3 Bb7 37. Nd2 f5 38. Rea3 fxe4 39. Rxa5 Rxa5 40. Rxa5
Rb8 41. Ra7 Kf6 42. g3 e3 43. Nf1 Bf3 44. Bxf3 Rxb5+ 45. Kc1 Nxf3 46. Nxe3 Ne5
47. Ra4 {(=)} 1/2-1/2

[Event "2BLN 2122 Hamburger SK II - SC Rotation"]
[Site "?"]
[Date "2022.04.30"]
[Round "3.2"]
[White "Souleidis, Georgios"]
[Black "Tomczak, Rafal"]
[Result "1-0"]
[WhiteElo "2430"]
[BlackElo "2310"]
[PlyCount "151"]
[EventDate "2022.??.??"]

1. e4 c5 2. Nf3 d6 3. Bc4 e6 4. O-O a6 5. Re1 Nf6 6. d3 Be7 7. Bb3 O-O 8. c3 b5
9. d4 Bb7 10. Nbd2 cxd4 11. cxd4 Nc6 12. Bc2 e5 13. d5 Nb4 14. Bb1 a5 15. Nf1
Na6 16. Ng3 g6 17. Bh6 Re8 18. Bd3 Ng4 19. Bd2 Qb6 20. Qe2 b4 21. h3 Nf6 22.
Be3 Nc5 23. Rac1 Rec8 24. Nd2 Nfd7 25. Nb3 a4 26. Nxc5 Nxc5 27. Qg4 Bf6 28. Bf1
Qa5 29. Red1 b3 30. a3 Rc7 31. Nh5 Be7 32. Bxc5 Bc8 33. Bb4 Bxg4 34. Bxa5 Rxc1
35. Rxc1 Rxa5 36. hxg4 gxh5 37. gxh5 Bg5 38. Rc6 Kf8 39. g3 Ke7 40. Bd3 h6 41.
Kf1 Rc5 42. Rxc5 dxc5 43. Bb5 Bc1 44. Bxa4 Bxb2 45. Bxb3 Bxa3 46. Kg2 c4 47.
Bxc4 Bd6 48. f3 Kf6 49. Bb5 Kg5 50. Be8 f5 51. exf5 Kxf5 52. Kf2 Bc5+ 53. Ke2
Kf6 54. Bg6 Ke7 55. Be4 Ba3 56. Bc2 Bc1 57. Kd3 Kd6 58. Bb3 Bg5 59. Ke4 Bc1 60.
Bc4 Bd2 61. Kf5 Bc1 62. Ke4 Bd2 63. Bf1 Bc1 64. Bg2 Bd2 65. Kf5 Bc1 66. Bh1 Bd2
67. Kg6 Bg5 68. Kh7 Bc1 69. f4 exf4 70. Kxh6 f3+ 71. Kg6 Kxd5 72. Bxf3+ Ke6 73.
g4 Bd2 74. h6 Ke7 75. Kg7 Bc3+ 76. Kg8 1-0

[Event "2BLN 2122 Hamburger SK II - SC Rotation"]
[Site "?"]
[Date "2022.04.30"]
[Round "3.3"]
[White "Dauth, Benjamin"]
[Black "Bracker, Frank"]
[Result "0-1"]
[WhiteElo "2277"]
[BlackElo "2369"]
[PlyCount "94"]
[EventDate "2022.??.??"]

1. e4 c5 2. Nf3 e6 3. d4 cxd4 4. Nxd4 Nc6 5. Be2 Nf6 6. Nxc6 bxc6 7. Nd2 d5 8.
exd5 exd5 9. O-O Bd6 10. c4 O-O 11. cxd5 cxd5 12. Nb3 h6 13. Be3 Re8 14. Nd4
Bd7 15. Rc1 Qb8 16. b3 Bxh2+ 17. Kh1 Bf4 18. Bxf4 Qxf4 19. g3 Qe5 20. Bf3 Rac8
21. Rxc8 Rxc8 22. Re1 Qc7 23. Kg2 Qa5 24. Re2 Kf8 25. a4 Qb4 26. Re3 a5 27. Nc2
Qc5 28. Nd4 Re8 29. Qd3 Rc8 30. Qd2 Re8 31. Rxe8+ Bxe8 32. Nf5 Bd7 33. Ne3 d4
34. Nc4 Bxa4 35. Nxa5 Bd7 36. Nc4 Be6 37. Qd3 g6 38. Kf1 Bf5 39. Qd2 Ke7 40.
Qf4 Bd3+ 41. Be2 Bc2 42. Ne5 Qc3 43. Bc4 g5 44. Qc1 Nd7 45. Nxd7 Bd3+ 46. Bxd3
Qxc1+ 47. Kg2 Qc7 0-1